Việt Nam - Đông Nam Á Quan hệ lịch sử văn hóa
v.v
Đã lưu trong:
| Tác giả chính: | |
|---|---|
| Định dạng: | Sách |
| Năm xuất bản: |
H.
Chính trị Quốc gia
1995
|
| Chủ đề: | |
| Tags: |
Thêm thẻ
Không có thẻ, Hãy là người đầu tiên gắn thẻ bản ghi này!
|
| LEADER | 00903nam a2200193 4500 | ||
|---|---|---|---|
| 082 | |a 303.482 |b V308N | ||
| 100 | |a Phạm Đức Thành | ||
| 245 | |a Việt Nam - Đông Nam Á |c Phạm ĐứcThành,Ngô Văn Doanh, Trần Thị Lý |b Quan hệ lịch sử văn hóa | ||
| 260 | |a H. |b Chính trị Quốc gia |c 1995 | ||
| 300 | |a 243 tr. |c 22 cm | ||
| 520 | |a v.v | ||
| 653 | |a Qúa trình xã hội | ||
| 653 | |a Lịch sử | ||
| 653 | |a Văn hóa | ||
| 653 | |a Quan hệ văn hóa | ||
| 942 | |2 ddc |c STK0 | ||
| 999 | |c 3186 |d 3186 | ||
| 952 | |0 0 |1 0 |2 ddc |4 0 |6 303_482000000000000_V308N |7 1 |8 300 |9 35450 |a qbu |b qbu |c D2 |d 2014-12-15 |g 16500 |o 303.482 V308N |p 4379.c1 |r 0000-00-00 |w 2014-12-15 |y STK0 |0 0 |6 303_482000000000000_V308N | ||
| 952 | |0 0 |1 0 |2 ddc |4 0 |6 303_482000000000000_V308N |7 0 |8 300 |9 35458 |a qbu |b qbu |c D2 |d 2014-12-15 |g 16500 |l 1 |m 1 |o 303.482 V308N |p 4379.c2 |r 2017-06-16 |s 2017-05-24 |w 2014-12-15 |y STK0 |0 0 |6 303_482000000000000_V308N | ||